[Event "Hillerod op"]
[Site "Hillerod"]
[Date "2014.??.??"]
[Round "5"]
[White "Pedersen, Jan2"]
[Black "Pedersen, Poul"]
[Result "1-0"]
[WhiteElo "1542"]
[BlackElo "1620"]
[PlyCount "89"]
[EventDate "2014.08.26"]
[EventType "swiss"]
[EventRounds "7"]
[EventCountry "DEN"]
[SourceTitle "EXT 2024"]
[Source "ChessBase"]
[SourceDate "2023.10.10"]
[SourceVersion "1"]
[SourceVersionDate "2023.10.10"]
[SourceQuality "1"]

1. d4 d5 2. c4 e6 3. Nc3 Nf6 4. Nf3 c5 5. e3 Nc6 6. cxd5 exd5 7. Bb5 a6 8. Bxc6+ bxc6 9. 0-0 Be7 10. Ne5 Bb7 11. a3 0-0 12. dxc5 Bxc5 13. b4 Bd6 14. Nf3 Re8 15. h3 Ne4 16. Nxe4 Rxe4 17. Qc2 a5 18. Bb2 axb4 19. axb4 Bxb4 20. Nd4 c5 21. Nf5 f6 22. Rfd1 Rc4 23. Qb3 Rxa1 24. Bxa1 Qc7 25. Qa4 Bc6 26. Qxc6 Qxc6 27. Ne7+ Kf7 28. Nxc6 Ke6 29. Nxb4 Rxb4 30. Kf1 c4 31. Bd4 Rb3 32. Rc1 g5 33. Rc3 Rb1+ 34. Ke2 Rb2+ 35. Kf3 Rd2 36. Ra3 f5 37. Ra6+ Kf7 38. Rd6 h5 39. Rxd5 g4+ 40. hxg4 hxg4+ 41. Kg3 Ke6 42. Re5+ Kd6 43. Rxf5 Rxd4 44. exd4 c3 45. Rc5 1-0

[Event "Hillerod op"]
[Site "Hillerod"]
[Date "2014.??.??"]
[Round "7"]
[White "Pedersen, Poul"]
[Black "Hvalsoe, Erik"]
[Result "0-1"]
[WhiteElo "1620"]
[BlackElo "1203"]
[PlyCount "58"]
[EventDate "2014.08.26"]
[EventType "swiss"]
[EventRounds "7"]
[EventCountry "DEN"]
[SourceTitle "EXT 2024"]
[Source "ChessBase"]
[SourceDate "2023.10.10"]
[SourceVersion "1"]
[SourceVersionDate "2023.10.10"]
[SourceQuality "1"]

1. d4 d5 2. c4 e6 3. Nc3 Nf6 4. e3 Be7 5. Nf3 0-0 6. Bd3 c5 7. 0-0 Nbd7 8. a3 Nb6 9. cxd5 exd5 10. dxc5 Bxc5 11. b4 Bd6 12. Nd4 a6 13. Qe2 Qc7 14. Bb2 Bxh2+ 15. Kh1 Bd6 16. Rac1 Qe7 17. Nf5 Bxf5 18. Bxf5 Qe5 19. Bxh7+ Nxh7 20. g3 Nc4 21. Rfd1 Nxb2 22. Rxd5 Qe6 23. Qxb2 Be5 24. Qd2 Ng5 25. f4 Qh3+ 26. Kg1 Nf3+ 27. Kf2 Nxd2 28. fxe5 Qh2+ 29. Ke1 Nf3+ 0-1

[Event "Hillerod-ch B"]
[Site "Hillerod"]
[Date "2004.06.08"]
[Round "7"]
[White "Svendsen, Niels Leth"]
[Black "Pedersen, Poul"]
[Result "1/2-1/2"]
[WhiteElo "1707"]
[BlackElo "1564"]
[PlyCount "39"]
[EventDate "2004.04.27"]
[EventType "tourn"]
[EventRounds "7"]
[EventCountry "DEN"]
[SourceTitle "EXT 2023"]
[Source "ChessBase"]
[SourceDate "2022.10.05"]
[SourceVersion "1"]
[SourceVersionDate "2022.10.05"]
[SourceQuality "1"]

1. d4 d5 2. Nf3 e6 3. Bf4 Nf6 4. e3 Nbd7 5. Nbd2 c5 6. c3 Be7 7. Bd3 Nh5 8. 0-0 Nxf4 9. exf4 Nf6 10. Re1 0-0 11. g3 c4 12. Bc2 b5 13. a3 Bd7 14. Qe2 Re8 15. Ne5 a5 16. Ndf3 h6 17. g4 g6 18. h3 Nh7 19. Qe3 Kg7 20. Kg2 1/2-1/2

[Event "Hillerod-ch B"]
[Site "Hillerod"]
[Date "2004.05.11"]
[Round "3"]
[White "Pedersen, Poul"]
[Black "Larsen, Steen1"]
[Result "1-0"]
[WhiteElo "1564"]
[BlackElo "1678"]
[PlyCount "115"]
[EventDate "2004.04.27"]
[EventType "tourn"]
[EventRounds "7"]
[EventCountry "DEN"]
[SourceTitle "EXT 2023"]
[Source "ChessBase"]
[SourceDate "2022.10.05"]
[SourceVersion "1"]
[SourceVersionDate "2022.10.05"]
[SourceQuality "1"]

1. d4 Nf6 2. Nf3 g6 3. Bf4 Bg7 4. e3 0-0 5. h3 c5 6. c3 cxd4 7. exd4 d5 8. Bd3 b6 9. 0-0 Nbd7 10. Re1 Bb7 11. Nbd2 Rc8 12. a4 e6 13. Qb3 a6 14. Qd1 Re8 15. Qe2 a5 16. Qd1 Nb8 17. Bb5 Re7 18. Ne5 Nc6 19. Nxc6 Bxc6 20. Ba6 Ra8 21. Bd3 Bb7 22. Nf3 Ne4 23. Nd2 f5 24. Nf3 h6 25. Be5 Nf6 26. h4 Ba6 27. Bxa6 Rxa6 28. Qc1 Kh7 29. Qf4 Ne4 30. Bxg7 Rxg7 31. Ne5 g5 32. hxg5 hxg5 33. Qe3 Qf6 34. f3 Ng3 35. Kf2 Rga7 36. Rg1 f4 37. Qd3+ Qf5 38. Qxf5+ Nxf5 39. Ke2 Kg8 40. Ng4 Kf8 41. Kd3 Rh7 42. Rae1 Ke7 43. Re5 Kd6 44. Rge1 Raa7 45. b3 Ng3 46. Rxg5 Nf5 47. Nf2 Rh2 48. Nh3 Rf7 49. Nxf4 Nxd4 50. Rg4 Nxb3 51. Rxe6+ Kd7 52. Rxb6 Nc5+ 53. Kd4 Nxa4 54. Rb5 Kc6 55. Rxa5 Nb6 56. Rc5+ Kb7 57. Nxd5 Rd7 58. Rg5 1-0